Pokemony typu... #4 - Statystyki

Ogólne statystyki
  • Ten quiz został rozwiązany 72 razy
  • Średni wynik to 26 z 73
Statystyki odpowiedzi
Pokemon % Poprawnych
Dragonite
89%
Dratini
85%
Dragonair
80%
Mega Charizard X
75%
Garchomp
56%
Gible
56%
Mega Garchomp
56%
Mega Salamence
56%
Salamence
56%
Bagon
54%
Axew
51%
Gabite
49%
Shelgon
49%
Mega Rayquaza
48%
Rayquaza
48%
Haxorus
46%
Latios
46%
Mega Latios
46%
Palkia
46%
Deino
44%
Dialga
44%
Goomy
44%
Hydreigon
44%
Latias
44%
Mega Latias
44%
Altaria
41%
Flygon
41%
Mega Altaria
41%
Zekrom
41%
Giratina (Alternatywna Forma)
39%
Giratina (Oryginalna Forma)
39%
Kingdra
39%
Reshiram
38%
Fraxure
36%
Zweilous
36%
Kyurem
34%
Kyurem (Biały)
34%
Kyurem (Czarny)
34%
Mega Sceptile
34%
Vibrava
34%
Alolański Exeggutor
31%
Mega Ampharos
31%
Applin
28%
Dragapult
28%
Sliggoo
28%
Zygarde (Forma 10%)
28%
Zygarde (Forma 50%)
28%
Zygarde (Forma Kompletna)
28%
Kommo-o
26%
Noibat
26%
Drampa
25%
Hakamo-o
25%
Tyrantrum
25%
Appletun
23%
Flapple
23%
Gigantamax Flapple
23%
Tyrunt
23%
Dreepy
21%
Eternatus
21%
Eternatus Eternamax
21%
Gigantamax Appletun
21%
Jangmo-o
21%
Naganadel
21%
Ultra Necrozma
20%
Guzzlord
18%
Regidrago
18%
Turtonator
18%
Drakloak
16%
Duraludon
15%
Gigantamax Duraludon
15%
Dracovish
13%
Dracozolt
10%
Noiverm
3%
Nie znaleziono quizów pasujących do podanych kryteriów
Rozkład punktacji
Procent ludzi z każdym wynikiem
Percentyl według liczby udzielonych odpowiedzi
Twoja historia wyników
Nie rozwiązałeś tego quizu